000 00524nam a2200205Ia 4500
005 20241216011009.0
008 190212s9999||||xx |||||||||||||| ||und||
082 _a616
_bB133
100 _aBEESON, PAUL B. Y OTRO
245 0 _aTRATADO DE MEDICINA INTERNA
_bDE CECIL-LOEB
250 _a14
260 _aMEXICO
_bINTERAMERICANA
_c1977
300 _a2323 pag
_c26 cm
341 _h0
490 _v0
_a2
541 _aC
_d18-Dec-93
_oSoles
650 _aCIENCIAS APLICADAS
856 _zCiencias Aplicadas
942 _cLIBRO
999 _c29793
_d29793